Представление документа в формате RUSMARC

ПолеНазваниеЗначение
  Тип записи a
  Библиографический уровень a
001 Контрольный номер RU/CBS_Ul/BASE/487960302
005 Дата корректировки 20240209175105.3
100 Данные общей обработки __
a Данные общей обработки 20150618d2015 ||| 0rusy0189 ca
101 Язык документа 0_
a Язык текста rus
102 Страна публикации __
a Страна публикации RU
105 Кодированные данные (монография) __
a Кодированные данные (монография) y###||||000|y
200 Заглавие и сведения об ответственности 1_
a Заглавие Соловьиный край Дмитрия Архангельского
b Общее обозначение материала Текст
e Сведения, относящиеся к заглавию [Дмитрий Архангельский и Симбирск]
f Первые сведения об ответственности Н. Гауз
300 Общие примечания __
a Общие примечания Ограничения по возрасту - 12+
461 Уровень набора _0
1 2000
a Деловое обозрение
463 Уровень физической единицы _0
1 001RU/CBS_Ul/BASE/487958654
1 2000
a № 5. - С. 54-56
v С. 46-48 : фото
a № 6
1 210
d 2015
600 Персоналии _0
a Персоналии (Фамилия) Архангельский
b Персоналии (Имя, инициалы) Д. И.
606 Тематические рубрики 0_
a Основная рубрика Архангельский, Дмитрий Иванович (1885-1980)
610 Ключевые слова 0_
a Ключевые слова художники
610 Ключевые слова 0_
a Ключевые слова симбирские художники
610 Ключевые слова 0_
a Ключевые слова ульяновские художники
610 Ключевые слова 0_
a Ключевые слова живописцы
686 Индексы других классификаций __
a Классификационный индекс 85.143(2)6
2 Код системы ББК
700 Автор _1
a Фамилия Гауз
b Имя (инициалы) Н.
801 Источник записи _0
a Страна RU
b Организация МБУК ЦБС г. Ульяновска
c Дата составления 20150618
g Правила каталогизации RCR
801 Источник записи _1
a Страна RU
b Организация МБУК ЦБС г. Ульяновска
c Дата составления 20150618
g Правила каталогизации RCR
901 Тип документа __
t Тип документа b
w Контрольный № источника RU/CBS_Ul/BASE/487958654
910 Корректоры записи __
a Корректор записи Ильина
938 Служебная информация __
a Имя БД kraeved